| 000 | 01144cam a2200337 a 4500 | ||
|---|---|---|---|
| 001 | 3435930 | ||
| 003 | OSt | ||
| 005 | 20140310181635.0 | ||
| 008 | 940504s1992 nyu 000 0 eng | ||
| 010 | _a 91075626 | ||
| 020 | _a0781600715 | ||
| 040 |
_aDLC _cDLC _dDLC |
||
| 043 | _an-us--- | ||
| 050 | 0 | 0 |
_aKF3946 _b.N45 1992 |
| 082 | 0 | 0 |
_a346.7303/8 _a347.30638 _220 |
| 100 | 1 | _aNeitzel, Charlotte L. | |
| 245 | 1 | 4 |
_aThe RCRA compliance handbook / _cCharlotte L. Neitzel. |
| 250 | _aRev. ed. | ||
| 260 |
_aNew York, N.Y. : _bExecutive Enterprises Publications Co., _cc1992. |
||
| 300 |
_ax, 152 p. ; _c29 cm. |
||
| 440 | 0 | _aEnvironmental compliance handbook series | |
| 521 |
_aTeacher's Reference _bLexile |
||
| 526 | _c1210L to 1700L | ||
| 541 | _j1 | ||
| 562 | _eFor circulation one copy in the collection | ||
| 650 | 0 |
_aHazardous wastes _xLaw and legislation _zUnited States. |
|
| 650 | 0 |
_aLiability for hazardous substances pollution damages _zUnited States. |
|
| 906 |
_a7 _bcbc _corignew _d2 _eopcn _f19 _gy-gencatlg |
||
| 942 |
_2lcc _cBK _kTR |
||
| 999 |
_c662 _d662 |
||